Loading...
| Science - Physics | 0 | 9 | 2 | 1 | 80 | 62 | 86.33 | 0 | 2 |
| Science - Other Science | 0 | 5 | 1 | 2 | 45 | 77 | 110.00 | 0 | 2 |
| Social Science | 0 | 5 | 1 | 2 | 45 | 73 | 112.60 | 0 | 2 |
| Current Events | 0 | 4 | 0 | 2 | 40 | 81 | 111.75 | 1 | 1 |
| Any History | 0 | 3 | 0 | 0 | 30 | 73 | 81.00 | 1 | 1 |
| Literature - European Literature | 0 | 3 | 0 | 0 | 30 | 102 | 120.00 | 0 | 0 |
| Other Academic | 0 | 3 | 0 | 1 | 30 | 71 | 97.00 | 1 | 2 |
| History - American History | 0 | 3 | 1 | 0 | 25 | 84 | 105.00 | 0 | 1 |
| Literature - British Literature | 0 | 2 | 0 | 0 | 20 | 58 | 92.50 | 1 | 2 |
| Fine Arts - Other Fine Arts | 0 | 2 | 0 | 0 | 20 | 47 | 63.50 | 0 | 2 |
| History - European History | 0 | 2 | 0 | 1 | 20 | 33 | 94.00 | 1 | 1 |
| Fine Arts - Classical Music | 0 | 2 | 0 | 1 | 20 | 102 | 120.50 | 0 | 0 |
| Geography | 0 | 2 | 1 | 1 | 15 | 81 | 110.50 | 0 | 1 |
| Philosophy | 0 | 2 | 2 | 1 | 10 | 103 | 121.50 | 0 | 0 |
| Literature - American Literature | 0 | 1 | 0 | 0 | 10 | 115 | 115.00 | 0 | 0 |
| Science - Chemistry | 0 | 2 | 2 | 0 | 10 | 86 | 91.50 | 0 | 1 |
| Religion | 0 | 1 | 1 | 0 | 5 | 62 | 62.00 | 0 | 0 |
| History - World History | 0 | 1 | 1 | 0 | 5 | 62 | 62.00 | 0 | 1 |
| Literature - World Literature | 0 | 1 | 1 | 1 | 5 | 165 | 165.00 | 0 | 0 |